Euskalarien nazioarteko jardunaldiak (Record no. 189918)
[ view plain ]
| 000 -LEADER | |
|---|---|
| campo de control de longitud fija | 01376nam a2200313 i 4500 |
| 001 - NÚMERO DE CONTROL | |
| campo de control | 189918 |
| 003 - IDENTIFICADOR DE NÚMERO DE CONTROL | |
| campo de control | SpMaBN |
| 005 - FECHA Y HORA DE LA ÚLTIMA TRANSACCIÓN | |
| campo de control | 20230906223605.0 |
| 008 - DATOS DE LONGITUD FIJA--INFORMACIÓN GENERAL | |
| campo de control de longitud fija | 191226s1981 sp cf |||| | baq d |
| 020 ## - NÚMERO INTERNACIONAL ESTÁNDAR DEL LIBRO | |
| Número Internacional Estándar del Libro | 84-85479-17-3 |
| 080 ## - NÚMERO DE LA CLASIFICACIÓN DECIMAL UNIVERSAL | |
| Número de la Clasificación Decimal Universal | 811.361(063) |
| 111 2# - ENTRADA PRINCIPAL--NOMBRE DE CONGRESO/REUNIÓN | |
| Nombre de congreso/reunión o jurisdicción como elemento de entrada | Encuentros Internacionales de Vascólogos ( |
| Fecha del congreso o de la firma del tratado | 1980. |
| Sede del congreso/Lugar de la reunión | Gernika-Lumo y Leioa) |
| 9 (RLIN) | 169271 |
| 245 10 - MENCIÓN DEL TÍTULO | |
| Título | Euskalarien nazioarteko jardunaldiak |
| Resto del título | = Bascologists' International Meetings = Encuentros Internacionales de Vascólogos = Rencontres internationales de bascologues / |
| Mención de responsabilidad, etc. | [publicado bajo el patrocinio del Departamento de Cultura del Gobierno Vasco]. |
| 246 31 - FORMA VARIANTE DEL TITULO | |
| Título propio/Titulo breve | Bascologists' International Meetings |
| 246 31 - FORMA VARIANTE DEL TITULO | |
| Título propio/Titulo breve | Encuentros Internacionales de Vascólogos |
| 246 31 - FORMA VARIANTE DEL TITULO | |
| Título propio/Titulo breve | Rencontres internationales de bascologues |
| 260 ## - PUBLICACIÓN, DISTRIBUCIÓN, ETC. | |
| Lugar de publicación, distribución, etc. | Bilbo : |
| Nombre del editor, distribuidor, etc. | Euskaltzaindia = Real Academia de la Lengua Vasca, |
| Fecha de publicación, distribución, etc. | 1981. |
| 300 ## - DESCRIPCIÓN FÍSICA | |
| Extensión | 545 p., 8 p. de lám. ; |
| Dimensiones | 23 cm. |
| 490 1# - MENCIÓN DE SERIE | |
| Mención de serie | Iker ; |
| Designación de volumen o secuencia | 1 |
| 500 ## - NOTA GENERAL | |
| Nota general | Índice. |
| 504 ## - NOTA DE BIBLIOGRAFÍA, ETC. | |
| Nota de bibliografía, etc. | Referencias bibliográficas. |
| 546 ## - NOTA DE IDIOMA | |
| Nota de lengua/lenguaje | Textos en vasco, castellano, inglés y francés. |
| 650 #7 - PUNTO DE ACCESO ADICIONAL DE MATERIA--TÉRMINO DE MATERIA | |
| Término de materia o nombre geográfico como elemento de entrada | Lengua vasca- |
| Subdivisión de forma | Congresos y asambleas. |
| 9 (RLIN) | 148851 |
| 710 2# - ENTRADA AGREGADA--NOMBRE DE ENTIDAD CORPORATIVA | |
| Nombre de entidad corporativa o nombre de jurisdicción como elemento de entrada | Real Academia de la Lengua Vasca. |
| 9 (RLIN) | 6316 |
| 710 1# - ENTRADA AGREGADA--NOMBRE DE ENTIDAD CORPORATIVA | |
| Nombre de entidad corporativa o nombre de jurisdicción como elemento de entrada | País Vasco. |
| Unidad subordinada | Departamento de Cultura. |
| 9 (RLIN) | 6089 |
| 830 0# - PUNTO DE ACCESO ADICIONAL DE SERIE-TÍTULO UNIFORME | |
| Título uniforme | Iker ; |
| Designación de volumen o secuencia | 1 |
| 9 (RLIN) | 225869 |
| 852 ## - LOCALIZACIÓN | |
| Ubicación | ES-MaACL |
| Número de control de estantería | L-32502 |
| Nota libre | . - Donat. Viuda Antonio Tovar |
| Estatus retirado | Estado de pérdida | Estado de daño | No para préstamo | Biblioteca de origen | Biblioteca actual | Ubicación en estantería | Fecha de adquisición | Fuente de adquisición | Total de préstamos | Signatura topográfica completa | Código de barras | Visto por última vez | Precio de reemplazo | Tipo de ítem Koha |
|---|---|---|---|---|---|---|---|---|---|---|---|---|---|---|
| Biblioteca del Ateneo de Madrid | Biblioteca del Ateneo de Madrid | Depósito 2 | 26/12/2019 | L-32502 | 1201454 | 23/02/2023 | 23/02/2023 | Libro impreso |
